| 000 | 00764cab a2200217 4500 | ||
|---|---|---|---|
| 001 | WB2738-07 | ||
| 008 | 090401t1991 xxu||||| |||| 00| 0 eng d | ||
| 035 | _a(Sirsi) u1452 | ||
| 041 | _aeng | ||
| 245 | _aDefective buildings | ||
| 260 | _c1991 | ||
| 350 | _a0 | ||
| 490 |
_aEstates Gazette _v(9138) 28 September 1991, 228(1) |
||
| 520 | _aDiscusses the use of the Latent Defects Act 1986 in cases where the owner or tenant of a building wishes to take legal action in respect of defects against a negligent builder, architect or local authority building control department. | ||
| 650 | _aLATENT DEFECTS ACT 1986 | ||
| 650 | _aLATENT DEFECTS | ||
| 650 | _aNEGLIGENCE | ||
| 690 | _aBUILT ENVIRONMENT-BUILDING PATHOLOGY | ||
| 942 | _n0 | ||
| 948 | _c04/03/1997 | ||
| 999 |
_c808 _d808 |
||